000 00312nam a2200121Ia 4500
008 190722s9999 xx 000 0 und d
020 _a978-81-207-7410-0
100 _aK.R.Padiyar
245 0 _aHVDC Power Transmission Systems
260 _aNew Delhi
_bSterling Publishers
_c2012
300 _a320
942 _cBK
999 _c1046
_d1046